| 000 | 00573nam a2200193Ia 4500 | ||
|---|---|---|---|
| 005 | 20250813105554.0 | ||
| 008 | 008 250516s9999 xx 000 0 hin d | ||
| 020 | _a9788119092161 | ||
| 040 |
_beng _cSDCL |
||
| 041 |
_ahin _2hin |
||
| 084 | _aO152,6N07:g R3 | ||
| 100 |
_aSahay, Niranjan _9406577 |
||
| 245 | 0 |
_aMahadevi Verma : _bSrijan Aur Sarokar |
|
| 246 |
_aमहादेवी वर्मा : _bसृजन और सरोकार |
||
| 260 |
_aDelhi: _bRadhakrishna Prakashan, _c2023. |
||
| 300 | _a256p. | ||
| 650 | _aHindi | ||
| 942 |
_cTEXL _2CC |
||
| 999 |
_c1429380 _d1429380 |
||